000 01290nam0a22002651 4500
001 rc\3909265
005 20130415105242.1
021 _aRU
_b[56-25326]
035 _a(NLR Aleph) 007909474
090 _a8088403
_c8088403
100 _a20130415d1956 |||y0rusy50 ca
101 0 _arus
102 _aRU
105 _aa c |||||
200 1 _aМетодические указания к решению задач по общей физике. (Механика и акустика)
_eДля студентов-заочников I курса физ.-матем. фак. пед. ин-тов
_fГл. упр. высш. и сред. пед. учеб. заведений М-ва просвещения РСФСР. Науч.-метод. кабинет по заоч. обучению учителей
210 _aМосква
_cУчпедгиз
_d1956
215 _a76 с.
_cил.
_d20
517 0 _aМеханика и акустика
700 1 _aАвксентьев
_bС. И.
_gСергей Иванович
712 0 2 _aНаучно-методический кабинет по заочному обучению учителей
_cМосква
_3RU\NLR\AUTH\8810950
801 0 _aRU
_bNLR
_gpsbo
801 1 _aRU
_bELAR
_2rusmarc
852 _aNLR
_jФз02 Г-4/879
942 _cBOOK
980 _aNB